Historia de las técnicas /

Guardado en:
Autor Principal: Ducasse, Pierre
Formato: Libro
Publicado: Buenos Aires : Eudeba, 1973
Edición:5a. ed.
Materias:
Etiquetas: Agregar Etiqueta
Sin Etiquetas, Sea el primero en etiquetar este registro!
LEADER 00601nam a22002175a 4500
001 CEM.cems002158
005 20060216000000.0
008 130507s1973##################000#0#####d
003 CEMS
082 0 4 |a 301.153 
100 1 |a Ducasse, Pierre 
245 1 0 |a Historia de las técnicas / 
250 |a 5a. ed. 
260 |a Buenos Aires :  |b Eudeba,  |c 1973 
300 |a 176 p. 
653 |a Historia 
653 |a Historia de la civilizacion 
653 |a Revolucion industrial 
653 |a Tecnicas-edad media 
653 |a Tecnicas-historia 
859 |a CEMS  |b BIB. CEMS - 11 de abril  |h 301.153  |i D855a5  |p 11737.83  |t Ej.1